Guess Taylor Swift song without hints - Statistics

General Stats
  • This quiz has been taken 101 times
  • The average score is 211 of 305
Answer Stats
Answer % Correct
I
100%
i
100%
a
99%
you
97%
You
97%
and
95%
the
94%
it
91%
love
91%
me
91%
we
91%
is
90%
to
90%
in
87%
your
83%
my
82%
My
82%
no
82%
No
82%
when
82%
by
81%
on
81%
was
81%
be
79%
it's
78%
It's
78%
not
78%
of
78%
too
77%
say
76%
They
76%
they
76%
you're
76%
this
74%
but
73%
But
73%
thin
73%
that
72%
if
71%
up
71%
am
69%
like
69%
Our
69%
our
69%
'cause
68%
'Cause
68%
don't
68%
I'm
68%
why
68%
didn't
67%
for
67%
now
67%
Now
67%
baby
65%
cut
65%
what
65%
cuts
64%
death
64%
get
64%
know
64%
one
64%
body
63%
heart
63%
just
63%
thousand
63%
can't
62%
I'll
62%
part
62%
bad
60%
hand
60%
said
60%
take
60%
time
60%
find
59%
trying
59%
Trying
59%
enough
58%
hips
58%
look
58%
wasn't
58%
see
56%
them
56%
touch
56%
with
55%
from
54%
here
54%
Saying
54%
through
54%
way
54%
gave
53%
Gave
53%
home
53%
long
53%
ours
53%
still
53%
windows
53%
ask
51%
flashbacks
51%
goodbye
51%
ok
51%
alright
50%
lights
50%
much
50%
over
50%
ages
49%
drug
49%
morning
49%
stand
49%
though
49%
comes
47%
only
47%
traffic
47%
drunk
46%
even
46%
once
46%
pages
46%
Paper
46%
paper
46%
thing
46%
trust
46%
great
45%
pretend
45%
united
45%
writing
45%
country
44%
it'll
44%
searching
44%
story's
44%
wine
44%
small
42%
spirit
42%
town
42%
films
41%
haunted
41%
land
41%
one's
41%
share
41%
chandelier's
40%
flickering
40%
guess
40%
kill
40%
plans
40%
signs
40%
waking
40%
lawless
38%
songs
38%
club
37%
fears
37%
boarded
36%
everywhere
36%
stings
36%
dress
31%
Quiet
31%
No matching quizzes found
Score Distribution
Percent of People with Each Score
Percentile by Number Answered
Your Score History
You have not taken this quiz